Online Catalogue and eLibrary

The collected essays of A.K.Ramanujam (Record no. 3317)

MARC details
000 -LEADER
fixed length control field 00429nam a2200157Ia 4500
005 - DATE AND TIME OF LATEST TRANSACTION
control field 20241114031853.0
008 - FIXED-LENGTH DATA ELEMENTS--GENERAL INFORMATION
fixed length control field 240331s9999 xx 000 0 und d
020 ## - INTERNATIONAL STANDARD BOOK NUMBER
ISBN 0195639375
082 ## - DDC Classification
Item Number - Author Mark RAM
Class No. 823
245 #4 - TITLE STATEMENT
Title The collected essays of A.K.Ramanujam
260 ## - PUBLICATION, DISTRIBUTION, ETC.
Place of publication, distribution, etc. New Delhi
Name of publisher, distributor, etc. Oxford University press
Date of publication, distribution, etc. 1999
300 ## - PHYSICAL DESCRIPTION
Extent (e.g. Volumes, Pages etc.) xviii, 638 p .,
500 ## - GENERAL NOTE
General note Essays of A.K. Ramanujan
700 ## - ADDED ENTRY--PERSONAL NAME
Personal name Dharwadker, Vinay
Relator term (Role) Editor
942 ## - Koha item type (Biblio)
Koha item type Books in Stacks (Lending)
Holdings
Lost status Damaged status Collection code Home library Current library Shelving location Date acquired Full call number Accession Number Item type
    Lending WERC Library WERC Library Social Science Cupboard 03/31/2024 823 RAM 4263 Books in Stacks (Lending)

© WERC Library